| 000 | 00658nam a2200217Ia 4500 | ||
|---|---|---|---|
| 005 | 20250508164129.0 | ||
| 008 | 008 250505s9999 xx 000 0 eng d | ||
| 020 | _a1-4129-0432-3 | ||
| 037 | _aReference | ||
| 040 |
_aFEDL _beng _cFEDL |
||
| 041 |
_aeng _2eng |
||
| 084 |
_a371.95, BAU/RR _qFEDL |
||
| 100 |
_aBaum Susan Ed. _9777408 |
||
| 245 | 0 | _aTwice-exceptional and special populations of gifted students | |
| 260 |
_aCalifornia, USA _bCorwin Press _c2004 |
||
| 300 | _axxi,145p. | ||
| 365 |
_aUSD _b29.95 |
||
| 490 | _aEssential Readings in Gifted Education No.7 | ||
| 942 |
_cREF _h371.95, BAU/RR |
||
| 999 |
_c1387224 _d1387224 |
||